00585nam a22001817a 450000500170000001000130001702000100003003500120004003700160005208200110006810000300007924500670010924600440017625000240022026000560024427000810030030000220038120220621124514.0 aUR-11590 c25.00 aU-10145 bDBAD/PUBa- a840.08 aشیخ عقیل ا حمد aفکر و تحقیق /cشیخ عقیل ا حمدhا ر د و aFikr-O-Tehqeeq /bby Sheikh Aqeel Ahmed aissue-01bQuarterly aNew DelhicJan to Mar 2022 ء bSheikh Aqeel Ahmed aFarogh-E-Urdu Bhawan, FC-33/9, Institutional Area, JasolabNew Delhie110025 a160 صc22cm(pbk)